Statistics for Closest UK cities to London

Click here to take the quiz!

General Stats

  • This quiz has been taken 82 times
  • The average score is 5 of 10

Answer Stats

RankDistanceAnswer% Correct
577kmCambridge
78%
475kmBrighton
76%
686kmCanterbury
58%
11kmWestminster
58%
9101kmPortsmouth
54%
895kmWinchester
43%
231kmSt.Albans
39%
348kmChelmsford
37%
787kmChichester
29%
10105kmEly
28%

Score Distribution

Percentile by Number Answered

Percent of People with Each Score

Your Score History

You have not taken this quiz